Characterization of plant genetic resources using isozyme electrophoresis: A guide to the literature (Record no. 43487)

MARC details
000 -LEADER
fixed length control field 00398nam a2200133Ia 4500
082 ## - DEWEY DECIMAL CLASSIFICATION NUMBER
Classification number 575
Item number SIM
100 ## - MAIN ENTRY--AUTHOR NAME
Personal name Simpson, M J A
245 #0 - TITLE STATEMENT
Title Characterization of plant genetic resources using isozyme electrophoresis: A guide to the literature
260 ## - PUBLICATION, DISTRIBUTION, ETC. (IMPRINT)
Place of publication Rome
Name of publisher IBPGR
Year of publication 1986
650 ## - SUBJECT ADDED ENTRY--TOPICAL TERM
Topical Term Genetic resources
700 ## - ADDED ENTRY--PERSONAL NAME
Personal name Withers, L A
942 ## - ADDED ENTRY ELEMENTS (KOHA)
Koha item type Books
Holdings
Withdrawn status Lost status Damaged status Not for loan Home library Current library Date acquired Source of acquisition Full call number Accession Number Koha item type
        RRII Library RRII Library 16/12/2021 Gift 575 SIM G00238 Books